| 000 | 01317nmc a2200433 a 4500 | ||
|---|---|---|---|
| 003 | AR-BaBNM | ||
| 005 | 20251128205647.0 | ||
| 008 | 011101s1991 ||||||||||||||000 | spa|| | ||
| 020 | _a84-7112-325-8 | ||
| 040 | _cAR-BaBNM | ||
| 100 | 1 | _aSelmi, Lucía | |
| 245 | 1 | 0 | _aLa escuela infantil a los tres años |
| 250 | _a2ª ed. | ||
| 260 |
_aMadrid _bEdiciones Morata _c1991 |
||
| 300 |
_a271 p. _bil., gráfs. |
||
| 490 | 0 |
_aEducación infantil y primaria _vv. 5 |
|
| 500 | _aEl libro se refiere a la experiencia educativa de las escuelas infantiles del Ayuntamiento de Módena, Italia | ||
| 500 | _aIndice de materias p. 269-271 | ||
| 650 | 4 | _aNINOS DE EDAD PREESCOLAR | |
| 650 | 4 | _aEDUCACION DEL NINO | |
| 650 | 4 | _aIDENTIDAD | |
| 650 | 4 | _aDESARROLLO DE DESTREZAS | |
| 650 | 4 | _aDESARROLLO DE LA CREATIVIDAD | |
| 650 | 4 | _aDESARROLLO COGNOSCITIVO | |
| 650 | 4 | _aJUEGOS EDUCATIVOS | |
| 650 | 4 | _aPSICOMOTRICIDAD | |
| 650 | 4 | _aAMBIENTE FAMILIAR | |
| 650 | 4 | _aAMBIENTE SOCIAL | |
| 650 | 4 | _aPADRES | |
| 651 | 4 | _aItalia | |
| 653 | _aEDUCACION PERSONALIZADA | ||
| 653 | _aINSTALACIONES EDUCATIVAS | ||
| 653 | _aCONSEJOS ESCOLARES | ||
| 700 | 1 | _aTurrini, Anna | |
| 700 | 1 |
_aBlasco, Dolores _etraductor |
|
| 700 | 1 |
_aSoler Fierrez, Eduardo _eprologuista |
|
| 942 | _cBK | ||
| 998 | _carturo | ||
| 999 |
_c12280 _d12280 |
||